Statistics for Taoisigh of Ireland (Prime Ministers of Ireland)

Click here to take the quiz!

General Stats

  • This quiz has been taken 125 times
  • The average score is 11 of 14

Answer Stats

HintAnswer% Correct
2nd Taoiseach, longest serving Taoiseach and later became President of IrelandEamon de Valera
92%
11th Taoiseach, investigated by the Mahon TribunalBertie Ahern
90%
13th Taoiseach, first Fine Gael Taoiseach to be elected to two termsEnda Kenny
90%
14th (and current) Taoiseach, youngest and first openly gay TaoiseachLeo Varadkar
89%
7th Taoiseach, led Fianna Fail into it's first coalition governmentCharles J. Haughey
79%
6th Taoiseach, currently the oldest living former head of government in the EULiam Cosgrave
79%
1st Taoiseach, also President of the Executive CouncilW.T Cosgrave
79%
5th Taoiseach, led Fianna Fail to a landslide victoryJack Lynch
77%
12th Taoiseach, had an infamous interview where he was accused of being drunkBrian Cowen
75%
8th Taoiseach, long serving columnist for The Irish TimesGarett FitzGerald
73%
4th Taoiseach, Tanaiste to de ValeraSean Lemass
71%
9th Taoiseach, unsuccessfully sought the Fianna Fail nomination for PresidentAlbert Reynolds
70%
10th Taoiseach, later became EU Ambassador to the United StatesJohn Bruton
67%
3rd Taoiseach, first to lead an inter-party governmentJohn A. Costello
60%

Score Distribution

Percentile by Number Answered

Percent of People with Each Score

Your Score History

You have not taken this quiz